00416 a2200145 450000500170000002000220001708200150003910000160005424500380007025000120010826000410012030000550016170000310021670000230024720250613123653.0 a978-0-07-328211-4 a658.15 ROS aROSS. A. S. aFundamentals of Corporate Finance a8th Ed. aNew York,bMcGraw-Hill Irwin,c2008. axl,864p.:ill.;table,figuresbAppendix, Indexc25cm aWesterfield W. Randolph ,  aJordan D. Bradford